Online
Catalog

El siglo de las luces visto por Francisco de Miranda / (Record no. 25145)

MARC details
000 -CABECERA
campo de control de longitud fija 00732nam a2200193 a 4500
001 - NÚMERO DE CONTROL
campo de control 000025653
005 - FECHA Y HORA DE LA ÚLTIMA TRANSACCIÓN
campo de control 20200930023939.0
008 - DATOS DE LONGITUD FIJA--INFORMACIÓN GENERAL
campo de control de longitud fija 110218s1978 ve a r 000 0 spa d
040 ## - FUENTE DE LA CATALOGACIÓN
Centro catalogador/agencia de origen DO-SdBNP
Lengua de catalogación spa
Centro/agencia transcriptor BNPHU
082 ## - NÚMERO DE LA CLASIFICACIÓN DECIMAL DEWEY
Número de clasificación nn*
Número de documento/Ítem nn*
049 ## - FONDOS LOCALES (OCLC)
Fondos de biblioteca BNGR
100 1# - ENTRADA PRINCIPAL--NOMBRE DE PERSONA
Nombre de persona Rodríguez de Alonso, Josefina.
9 (RLIN) 18476
245 13 - MENCIÓN DE TÍTULO
Título El siglo de las luces visto por Francisco de Miranda /
Mención de responsabilidad, etc. Josefina Rogríguez de Alonso ; laminar de J. L. Salcedo-Bastardo ; prefacio de Edmong Giscard D´Estaing.
260 ## - PUBLICACIÓN, DISTRIBUCIÓN, ETC.
Lugar de publicación, distribución, etc. Caracas :
Nombre del editor, distribuidor, etc. Presidencia de la República,
Fecha de publicación, distribución, etc. 1978.
300 ## - DESCRIPCIÓN FÍSICA
Extensión 517, [9] p. :
Otras características físicas il. ;
Dimensiones 24 cm.
504 ## - NOTA DE BIBLIOGRAFÍA, ETC.
Nota de bibliografía, etc. Bibliografía : [119] p.
700 1# - PUNTO DE ACCESO ADICIONAL--NOMBRE DE PERSONA
Nombre de persona Salcedo-Bastardo, J. L.
9 (RLIN) 18082
700 1# - PUNTO DE ACCESO ADICIONAL--NOMBRE DE PERSONA
Nombre de persona Giscard D´Estaing, Edmond,
Término indicativo de función/relación pról.
9 (RLIN) 52391
Holdings
Estado de retiro Estado de pérdida Restricciones de uso No para préstamo Código de colección Localización permanente Ubicación/localización actual Ubicación en estantería Fecha de adquisición Número de inventario Total de préstamos Signatura topográfica completa Código de barras Fecha visto por última vez Precio válido a partir de Tipo de ítem Koha
        Monografías: Libros y Folletos General General En catalogación 18.02.2011 LF1   nn* nn* 25653-10 25.06.2020 25.06.2020 Préstamo en sala

Powered by Koha